| 000 | 00597nam a2200205Ia 4500 | ||
|---|---|---|---|
| 005 | 20231212150408.0 | ||
| 008 | 131103s9999 xx 000 0 und d | ||
| 020 |
_a8125026649 _cRs. 225 |
||
| 040 | _aLoreto College | ||
| 041 | _aEnglish | ||
| 082 |
_a425 _bNAR |
||
| 100 | _aNarayanaswamy, K. R. | ||
| 245 | 2 |
_aA Teacher's Grammar of English, _b _cK. R. Narayanaswamy |
|
| 250 | _alinking grammar with communication | ||
| 260 |
_aHyderbad _bOrient Longman Pvt. Ltd. _c2004 |
||
| 300 |
_a402 p. _b ill., diagrams |
||
| 650 | _aEnglish Language - Grammar | ||
| 850 | _aLCLIB | ||
| 942 | _cBK | ||
| 999 |
_c6160 _d56639 |
||